Most Common Mammals in Zoos: Oceania - Statistics

General Stats
  • This quiz has been taken 33 times
  • The average score is 5 of 14
Answer Stats
Order Origin No.Zoos Answer % Correct
Carnivora Africa 5 Lion
89%
Diprotodontia Australia 7 Koala
81%
Monotremata Australia 4 Platypus
56%
Artiodactyla Africa 5 Giraffe
52%
Diprotodontia Australia 5 Red Kangaroo
52%
Carnivora Eurasia 5 Wolf
44%
Carnivora South East Asia 5 Dingo
41%
Dasyuromorphia Australia 5 Tasmanian devil
37%
Carnivora Africa 4 Meerkat
22%
Monotremata Australia 4 Short-beaked echidna
22%
Perissodactyla Africa 5 Plains Zebra
19%
Diprotodontia Australia 5 Common Wombat
11%
Diprotodontia Australia 4 Western grey kangaroo
7%
Perissodactyla Africa 5 Chapman's Zebra
4%
No matching quizzes found
Score Distribution
Percent of People with Each Score
Percentile by Number Answered
Your Score History
You have not taken this quiz